000 004320000a22001810004500
003 MACL
005 20160124130335.0
008 160124b xxu||||| |||| 00| 0 eng d
040 _aMACL
_cMACL
041 _aEnglish
082 _a590/KUR
100 _aKurl, Dr S P
_934481
245 _aZoology
260 _bJai Prakash Nath Publication
_c2003
_aMeerut
350 _a360
650 _aAnimals
_934482
942 _cBK
_k590/Kur
_2ddc
999 _c33284
_d33284